Presupuesto y contabilidad pb︢lica

Bibliographic Details
Main Author: Romero Romero, Enrique
Format: Unknown
Language:Spanish
Published: Bogot ̀: Ecoe, 2007
Subjects:
Online Access:Acceso restringido

MARC

LEADER 00000ny a22000003n 4500
005 20110617110926.0
008 031107s2007 ck 000 0 spa d
020 |a 9789586483421 
035 |a 3390 
040 |a BUS  |d vLex 
090 |c 805  |d 805 
100 1 |a Romero Romero, Enrique 
245 1 0 |a Presupuesto y contabilidad pb︢lica  |h [Recurso electrn̤ico]  |c Enrique Romero Romero 
256 |a Servicio en ln̕ea 
260 |a Bogot ̀:  |b Ecoe,  |c 2007 
300 |a p. ;  |c cm 
506 1 |a Contenido solo disponible en los productos indicados  |d vLex Global  |d vLex Global (Academic Edition, excluding Law Schools)  |d vLex Global (U.S. Academic Edition, Law Schools)  |d vLex Global (U.S. Academic Edition, excluding Law Schools)  |d vLex Global (Academic Edition, Law Schools) 
650 0 4 |a Contabilidad 
740 0 |a vLex Libros (Servicios en ln̕ea) 
856 4 0 |u http://vlex.com/source/3390  |z Acceso restringido 
942 |c BOOK 
999 0 |a Accounting  |b Bogot̀